Top Scorer in Each Premier League Season - Manchester United - Statistics

General Stats
  • This quiz has been taken 202 times
    19 since last reset
  • The average score is 31 of 34
Answer Stats
Hint Answer Goals Nationality % Correct
2015/16 Anthony Martial 11 France
100%
2019/20 Anthony Martial / Marcus Rashford 17 France / England
100%
2025/26 Benjamin Sesko / Bryan Mbeumo 11 Slovenia / Cameroon
100%
2020/21 Bruno Fernandes 18 Portugal
100%
2024/25 Bruno Fernandes / Amad Diallo 8 Portugal / Ivory Coast
100%
2023/24 Bruno Fernandes / Rasmus Højlund 10 Portugal / Denmark
100%
2021/22 Cristiano Ronaldo 18 Portugal
100%
2008/09 Cristiano Ronaldo 18 Portugal
100%
2007/08 Cristiano Ronaldo 31 Portugal
100%
2006/07 Cristiano Ronaldo 17 Portugal
100%
2022/23 Marcus Rashford 17 England
100%
2017/18 Romelu Lukaku 16 Belgium
100%
2005/06 Ruud van Nistelrooy 21 Netherlands
100%
2003/04 Ruud van Nistelrooy 20 Netherlands
100%
2002/03 Ruud van Nistelrooy 25 Netherlands
100%
2001/02 Ruud van Nistelrooy 23 Netherlands
100%
2014/15 Wayne Rooney 12 England
100%
2013/14 Wayne Rooney 17 England
100%
2011/12 Wayne Rooney 27 England
100%
2009/10 Wayne Rooney 26 England
100%
2004/05 Wayne Rooney 11 England
100%
2016/17 Zlatan Ibrahimovic 17 Sweden
100%
2010/11 Dimitar Berbatov 20 Bulgaria
94%
2012/13 Robin van Persie 26 Netherlands
94%
1996/97 Ole Gunnar Solskjaer 18 Norway
89%
2018/19 Paul Pogba 13 France
89%
1999/00 Dwight Yorke 20 Trinidad & Tobago
83%
1998/99 Dwight Yorke 18 Trinidad & Tobago
83%
1995/96 Eric Cantona 14 France
83%
1993/94 Eric Cantona 18 France
83%
1997/98 Andrew Cole 15 England
61%
2000/01 Teddy Sheringham 15 England
44%
1994/95 Andrei Kanchelskis 14 Russia
22%
1992/93 Mark Hughes 15 Wales
22%
No matching quizzes found
Score Distribution
Percent of People with Each Score
Percentile by Number Answered
Your Score History
You have not taken this quiz since the last reset